01612nam a2200385 i 4500001000700000003000800007005001700015006001900032007001500051008004100066017005000107020001800157035002200175040003100197050002100228080001000249082001400259100004600273245019300319264003600512300002500548336003100573337003300604338004300637490004500680504003800725588008300763590016200846650004401008655002701052797001801079830004701097856006301144999001901207104599FlNmELB20241217173529.0m o d | cr cnu||||||||240214s2017 sp ob 000 0 spa d aM 16248-2017bOficina Depósito Legal Madrid a9788490973356 a(OCoLC)1427601484 aFINmELBbspaerdacFINmELB 4aQ223b.L649 2017 a001.904a501.42231 aLópez Cerezo, José A.,d1960-eautor.10aComprender y comunicar la ciencia :bestrategias de comunicación social de la ciencia a la luz de la investigación demoscópica sobre cultura científica /cJosé A. López Cerezo. 1aMadrid :bCatarata,cD.L. 2017. a1 recurso en línea atextobtxt2rdacontent/spa acomputadorabc2rdamedia/spa arecurso en líneabcr2rdacarrier/spa1 aSerie Ensayos, ciencia y sociedad ;v194 aBibliografía: páginas 95-101. aDescripción basada en metadatos suministrados por el editor y otras fuentes. aRecurso electrónico. Santa Fe, Arg.: elibro, 2024. Disponible vía World Wide Web. El acceso puede estar limitado para las bibliotecas afiliadas a elibro. 4aInformación científica y técnica. 4aLibros electrónicos.2 aelibro, Corp. 0aSerie Ensayos, ciencia y sociedad ;v194.40uhttps://elibro.net/ereader/politecnicointernacional/250085 c104599d104599